10 Highest Mountains in China - Statistics

General Stats
  • This quiz has been taken 17 times
  • The average score is 2 of 10
Answer Stats
Height (m) Answer % Correct
8,848 Mount Everest
100%
7,556 Mount Gongga
20%
7,543 Changtse
10%
7,804 Chomo Lonzo
10%
7,694 Gurla Mandhata
10%
7,649 Kongur Tagh
10%
7,703 Molamenqing
10%
7,509 Muztagh Ata
10%
7,782 Namcha Barwa
10%
8,013 Shishapangma
10%
No matching quizzes found
Score Distribution
Percent of People with Each Score
Percentile by Number Answered
Your Score History
You have not taken this quiz